000 00731nam a2200205 a 4500
001 2307
003 CO-ViMGA
008 141112s2004 ck r 000 u spa d
040 _aCO-ViMGA
_bspa
_cCO-ViMGA
082 0 4 _a613.94 H195g
100 1 _aHayman, Suzie
_951098
245 1 0 _aGuía de los metodos anticonceptivos :
_blos pros y los contras de cada opción
260 _aBarcelona :
_bPaidos,
_c1995
300 _a136 p
490 _aCuerpo y salud
505 _aLos anticonceptivos hormonales 23 - - El dispositivo untrauterino 79 - - Los anticonceptivos de emergencia 109 - - Los metodos anticonceptivos del futuro 123
650 1 4 _aANTICONCEPTIVOS
_951099
650 1 4 _aPLANIFICACION FAMILIAR
_951100
942 _2ddc
_cBK
999 _c14408
_d14408